000 00369nam a22001457a 4500
003 macl
005 20180420155823.0
008 180420b xxu||||| |||| 00| 0 eng d
040 _cmacl
100 _aMishra, Manorama
_91530
245 _aLord Jagannath and Navakalevara
260 _aBhubaneswar
_bMayur
_c2015
650 _aIndian religion
_917547
942 _2ddc
_cBK
999 _c57795
_d57795